|
|
|
|
| LEADER |
00000nab a2200000 a 4500 |
| 001 |
vtls000285487 |
| 003 |
SK-MaSNL |
| 005 |
20260302220134.0 |
| 008 |
111201c1987 xo 0 slo |
| 015 |
|
|
|a SNBRB19rr/mm-uuuuu
|
| 035 |
|
|
|a CL0295605
|
| 040 |
|
|
|a SNKBUCL
|b slo
|c SNKBUCL
|e AACR2
|
| 041 |
0 |
|
|a slo
|
| 044 |
|
|
|a xo
|c SK
|
| 080 |
|
|
|a 331.82/.85:658.3
|2 1981
|
| 080 |
|
|
|a 658.3
|2 1981
|
| 100 |
1 |
|
|a Marek, Dušan
|4 aut
|9 688540
|
| 245 |
1 |
0 |
|a Myslíme na rok 2000
|b Program sociálneho rozvoja v ZDA Partizánske
|c Dušan Marek
|
| 650 |
0 |
7 |
|a sociálny rozvoj
|2 snkbucl
|9 67413
|
| 650 |
0 |
7 |
|a Závody 29. augusta (Partizánske, Slovensko)
|2 snkbucl
|9 930131
|
| 655 |
|
7 |
|a články z novín a časopisov
|2 snkbucl
|9 267496
|
| 773 |
0 |
|
|t Sociálna politika
|g Roč. 13, č. 5 (1987), s. 104-105
|
| 850 |
|
|
|a Slovenská národná knižnica v Martine
|a MTA001
|
| 852 |
|
|
|a SNK
|b KIS3GCP
|
| 958 |
|
|
|a RK
|
| 992 |
|
|
|a RBX
|
| 999 |
|
|
|c 1505646
|d 1507576
|